Le seul Drapeau national qui... - Statistiques

Statistiques générales
  • Ce quiz a été pris 75 fois
  • Le résultat moyen est 6 sur 16
Statistiques - réponses
Le seul Drapeau national qui... Pays % Correct
...n'est pas un quadrilatère Népal
100%
...présente un temple Cambodge
82%
...présente des clés Vatican
66%
...présente un trident Barbade
60%
...présente un aigle noir Albanie
55%
...présente un fusil AK-47 Mozambique
55%
...présente deux personnes Belize
42%
...présente un perroquet Dominique
39%
...présente une machette Angola
33%
...présente un serpent Mexique
19%
...n'a pas de rouge, blanc et bleu Jamaïque
18%
...présente 3 diamants Saint-Vincent-et-les-Grenadines
16%
...présente des canons Haïti
7%
...présente une chèvre Croatie
3%
...présente une étoile à 14 branches Malaisie
1%
...présente un cheval Malte
1%
Aucun quiz correspondant
Distribution des résultats
% des personnes avec chaque résultat
Percentile par nombre de réponses
Votre historique - résultats
Vous n’avez pas pris ce quiz